Chris's General Knowledge Quiz #11 - Statistics

General Stats
  • This quiz has been taken 41 times
  • The average score is 6 of 20
Answer Stats
Question Answer % Correct
Sinhala and Tamil are the official languages of what country? Sri Lanka
71%
St. Peter is said to have been the first person to hold what religious office? Pope
68%
In what word game might a player draw a gallows? Hangman
59%
The saguaro cactus blossom is the official flower of what US state? Arizona
56%
Which character in the Star Wars franchise was portrayed by both Alec Guinness and Ewan McGregor? Obi-Wan Kenobi
53%
In the sci-fi film 'Alien', what animal was Jones? Cat
47%
The dish Eggs Norwegian features what smoked fish? Salmon
47%
Which precious metal anniversary is celebrated 20 years after a golden anniversary? Platinum
44%
Steel is an alloy of iron and what other element? Carbon
35%
Which British actor starred in the film 'Pulp Fiction'? Tim Roth
26%
What form of transport was the ill-fated R101? Airship
21%
In 2016, which group had a hit with 'Rockabye'? Clean Bandit
21%
Which fairytale heroine was originally called 'Silver-Hair'? Goldilocks
21%
Which boxer was nicknamed 'The Dark Destroyer'? Nigel Benn
21%
What name is given to a young mole? Pup
18%
What instrument has been nicknamed the 'Mississippi Saxophone'? Harmonica
15%
In 1995, what space probe entered Jupiter's atmosphere? Galileo
9%
Who was on the throne at the end of the Spanish Civil War? George VI
9%
Which manager changed Coventry City's nickname from 'The Bantams' to 'The Sky Blues'? Jimmy Hill
6%
Who was Poet Laureate during World War II? John Masefield
0%
No matching quizzes found
Score Distribution
Percent of People with Each Score
Percentile by Number Answered
Your Score History
You have not taken this quiz